Materials science and engineering : In SI Units (Record no. 64585)

000 -LEADER
fixed length control field 00519nam a22001937a 4500
003 - CONTROL NUMBER IDENTIFIER
control field NUST - PNEC
005 - DATE AND TIME OF LATEST TRANSACTION
control field 20170116180850.0
008 - FIXED-LENGTH DATA ELEMENTS--GENERAL INFORMATION
fixed length control field 150825b xxu||||| |||| 00| 0 eng d
020 ## - INTERNATIONAL STANDARD BOOK NUMBER
International Standard Book Number 9781259062759
020 ## - INTERNATIONAL STANDARD BOOK NUMBER
International Standard Book Number 1259062759
040 ## - CATALOGING SOURCE
Transcribing agency LIBRARY
082 ## - DEWEY DECIMAL CLASSIFICATION NUMBER
Classification number 620.1105 SMI
100 ## - MAIN ENTRY--PERSONAL NAME
9 (RLIN) 5657
Personal name Smith, William F
245 ## - TITLE STATEMENT
Title Materials science and engineering : In SI Units
Statement of responsibility, etc. William F Smith
250 ## - EDITION STATEMENT
Edition statement Fifth Edition
260 ## - PUBLICATION, DISTRIBUTION, ETC.
Date of publication, distribution, etc. c.2014
650 ## - SUBJECT ADDED ENTRY--TOPICAL TERM
9 (RLIN) 5658
Topical term or geographic name entry element Materials , Engineering
General subdivision ME
942 ## - ADDED ENTRY ELEMENTS (KOHA)
Source of classification or shelving scheme
Koha item type Book
Holdings
Withdrawn status Lost status Source of classification or shelving scheme Damaged status Not for loan Permanent Location Current Location Shelving location Date acquired Total Checkouts Full call number Barcode Date last seen Date last checked out Price effective from Koha item type
          Pakistan Navy Engineering College (PNEC) Pakistan Navy Engineering College (PNEC)     1 620.11 SMI PNECLIB-031548 03/16/2016 01/20/2016   Book
          Pakistan Navy Engineering College (PNEC) Pakistan Navy Engineering College (PNEC)       620.11 SMI PNECLIB-018093 09/02/2015     Book
          Pakistan Navy Engineering College (PNEC) Pakistan Navy Engineering College (PNEC)       620.11 SMI PNECLIB-018103 09/02/2015     Book
© 2023 Central Library, National University of Sciences and Technology. All Rights Reserved.